000 00731nam a2200229 u 4500
005 20221123063554.0
008 100427s2008 es r 000 0 spa d
020 _a9788433012760
035 _aUPN01000175537
049 _aCG
050 4 _aBF637 S4
_bC3.7 2008
245 0 0 _a14 Aprendizajes vitales /
_ced. Carlos Alemany ; colab. José A. García-Monge ... [et al.].
250 _a12a ed.
260 _aBilbao, Esp. :
_bDesclée De Brouwer,
_c2008.
300 _a304 p. :
_bil.
440 0 _aSerendipity.
_pMaior ;
_v5
650 4 _aAUTORREALIZACION (PSICOLOGIA)
_94106
650 4 _aÉxito
_xAspectos psicológicos
_9196
700 1 _aAlemany, Carlos,
_eed.
700 1 _aGarcía-Monge, José A.,
_ecolab.
905 _aLibro
999 _c147641
_d147641